000 01088nam a2200301 i 4500
001 bg
245 0 0 _aOksfordzki leksykon sztuki /
_cnapisali Ian Chilvers i Harold Osborne ; konsultował Dennis Farr ; [tł. przedm. i wstępu Maciej Kubaszewski ; tł. haseł Halina Andrzejewska et al.].
246 _iTyt. oryg.:
_aThe Oxford dictionary of art
260 _aWarszawa :
_b"Arkady",
_c2002.
300 _a722, [6] s. ;
_c24 cm.
500 _aTyt. oryg.: "The Oxford dictionary of art" 1988.
650 9 _aSztuka
655 _aEncyklopedie
700 1 _aCHILVERS, Ian.
_eOprac.
700 1 _aOSBORNE, Harold
_d(1905-1987).
_eOprac.
700 1 _aFARR, Dennis
_d(1929- ).
_eOprac.
700 1 _aKUBASZEWSKI, Maciej.
_eTł.
700 1 _aANDRZEJEWSKA, Halina.
_eTł.
015 _aPB 11295/2002
020 _a8321341578
040 _cBPK
041 1 _apol
_heng
080 _a72+73/76](091)(03)
920 _a83-213-4157-8
942 _cKS
008 s pl f |000 0 pol
999 _c46215
_d46215
856 _uhttp://koha.tu.koszalin.pl/cgi-bin/koha/opac-detail.pl?biblionumber=46215
_yKatalog online BPK